000 00787nam a2200229 i 4500
001 C2-0310688
003 PPAK
005 20180728101903.0
008 110622s my a|||| ||||| | may d
040 _aPPAK
_beng
_cPPAK
_erda
082 0 4 _a338.9595
_223
090 0 0 _a338.9595
_bKED
_dKK
110 2 _aKedah Regional Development Authority [KEDA]
245 0 0 _aKajian separuh penggal rancangan Malaysia ke empat 1981 - 1985 Bahagian 1
264 1 _aKedah :
_bKedah Regional Development Authority ,
_c[date of publication not identified]
300 _a375 pages :
_billustrations ;
_c29 cm
336 _2rdacontent
_atext
337 _2rdamedia
_aunmediated
338 _2rdacarrier
_avolume
710 2 _aKedah Regional Development Authority [KEDA]
_eorganizer
942 _ddc
_cB
999 _c113007
_d113007